00774nam a22002174a 45000050016000000080041000160100014000570200026000710350013000970370015001100400018001250820011001431000023001542450049001772600060002262700063002863000022003499420025003719990017003969520143004132009071603253.0081114s2009 ii a 000 0 eng  aENG-94443 a9789380015125c110.00 aEN-77976 bDBAD / PUB adplbEnglish  a633.72 aBala Krishnan, R.  aTea crop cultivation /cby R. Bala Krishnan  aTamilNadu bAnnamalaiyar Educational Publication c2008 a8/305, Thulasinga Nagar, Valparai PostbTamilnadu e642127 a96p. c25cm(pbk)  2ddccENmBALh633.72 c28334d28334 00102ddc40718NFICaDBADbDBADd2009-07-16eDBAD / PUBg110.00l0o633.72 BALpEN-77976r2009-07-16 00:00:00t1v110.00w2009-07-16yEN